[Event "4NCL/Div3/CAMB2 vs. ANGA1"]
[Site "Sunningdale ENG"]
[Date "2008.05.05"]
[Round "11.7"]
[White "Campbell, Mark"]
[Black "Cook, Michael"]
[Result "0-1"]
[WhiteElo "2005"]
[BlackElo "2071"]
[PlyCount "90"]
[EventDate "2008.05.05"]
[EventType "team"]
[EventRounds "11"]
[EventCountry "ENG"]
[SourceDate "2007.09.15"]

1. e4 e5 2. Nf3 Nc6 3. Bb5 Nf6 4. O-O Bc5 5. c3 O-O 6. d4 Bb6 7. Bg5 h6 8. Bxf6
Qxf6 9. Bxc6 Qxc6 10. Nxe5 Qxe4 11. Nd2 Qf4 12. Ndc4 d6 13. Nxb6 axb6 14. Nd3
Qg5 15. Qf3 Bg4 16. Qxb7 Be2 17. Qxc7 Bxd3 18. Rfe1 Qd8 19. Qb7 Ba6 20. Qc6 Ra7
21. a3 Bb7 22. Qb5 Ra5 23. Qd3 Rg5 24. f3 Rg6 25. Re3 Qg5 26. Qe2 Ba6 27. Qf2
Bc4 28. Rae1 Re6 29. Rxe6 fxe6 30. Re3 Qb5 31. Qd2 Rf5 32. Kf2 Qb3 33. Re1 Rb5
34. Rb1 e5 35. dxe5 Rd5 36. Qc1 Rxe5 37. Kg3 Bd3 38. Ra1 Rg5+ 39. Kh3 Rb5 40.
Qe3 Rh5+ 41. Kg3 Rg5+ 42. Kh3 Qxb2 43. Rg1 Bf5+ 44. g4 Rh5+ 45. Kg3 Qxh2# 0-1

[Event "4NCL/Div3/CAMB2 vs. ANGA1"]
[Site "Sunningdale ENG"]
[Date "2008.05.05"]
[Round "11.8"]
[White "Boulton, William"]
[Black "Owens, Megan"]
[Result "1-0"]
[WhiteElo "1940"]
[BlackElo "1772"]
[PlyCount "41"]
[EventDate "2008.05.05"]
[EventType "team"]
[EventRounds "11"]
[EventCountry "ENG"]
[SourceDate "2007.09.15"]

1. d4 Nf6 2. c4 g6 3. Nc3 d5 4. Bf4 Bg7 5. Nf3 O-O 6. e3 e6 7. Rc1 Nh5 8. Bg5
f6 9. Bh4 g5 10. Nd2 gxh4 11. Qxh5 f5 12. cxd5 c6 13. dxc6 Nxc6 14. Bc4 Qf6 15.
Nf3 Qh6 16. Qxh4 Nxd4 17. Qxh6 Nxf3+ 18. gxf3 Bxh6 19. Ke2 Bd7 20. Rhd1 Rfd8
21. Rxd7 1-0

[Event "4NCL/Div3/SLOS3 vs. NWE2"]
[Site "Sunningdale ENG"]
[Date "2008.05.05"]
[Round "11.1"]
[White "Makepeace, Philip J"]
[Black "Jaunooby, Ali"]
[Result "1-0"]
[WhiteElo "2015"]
[BlackElo "2154"]
[PlyCount "81"]
[EventDate "2008.05.05"]
[EventType "team"]
[EventRounds "11"]
[EventCountry "ENG"]
[SourceDate "2007.09.15"]

1. e4 g6 2. d4 Bg7 3. Nc3 d6 4. Be3 a6 5. a4 b6 6. g3 Nf6 7. h3 c5 8. Nge2 Nc6
9. Bg2 Bb7 10. O-O Na5 11. dxc5 bxc5 12. e5 Ng8 13. Bxb7 Nxb7 14. Qd5 Qc7 15.
exd6 exd6 16. Ne4 Rd8 17. Bg5 Ne7 18. Qd3 c4 19. Qf3 Rb8 20. Nf6+ Kf8 21. Nd4
Nc5 22. Rfe1 Ng8 23. Nxg8 Kxg8 24. Re7 Qxe7 25. Bxe7 Bxd4 26. Bf6 Bxf6 27. Qxf6
Ne6 28. Rd1 Rd8 29. Re1 Rd7 30. g4 h5 31. f4 hxg4 32. hxg4 Rh7 33. Re2 Rg7 {=}
34. g5 d5 35. Rg2 d4 36. f5 Nf4 37. Qe5 Nxg2 38. Qe8+ Kh7 39. Qxd7 Ne1 40. f6
Rg8 41. Qh3# 1-0

[Event "4NCL/Div3/SLOS3 vs. NWE2"]
[Site "Sunningdale ENG"]
[Date "2008.05.05"]
[Round "11.2"]
[White "Ociepka, Adrian"]
[Black "Nelson, Omowale"]
[Result "1-0"]
[WhiteElo "2103"]
[BlackElo "2088"]
[PlyCount "21"]
[EventDate "2008.05.05"]
[EventType "team"]
[EventRounds "11"]
[EventCountry "ENG"]
[SourceDate "2007.09.15"]

1. e4 c6 2. d4 d5 3. Nd2 dxe4 4. Nxe4 Bf5 5. Ng3 Bg6 6. h4 h6 7. Nf3 Nf6 8. Ne5
Bh7 9. Bc4 e6 10. Qe2 Bd6 11. Nxf7 1-0

[Event "4NCL/Div3/SLOS3 vs. NWE2"]
[Site "Sunningdale ENG"]
[Date "2008.05.05"]
[Round "11.3"]
[White "Coddington, Oliver"]
[Black "Burke, John"]
[Result "0-1"]
[WhiteElo "1993"]
[BlackElo "2071"]
[PlyCount "72"]
[EventDate "2008.05.05"]
[EventType "team"]
[EventRounds "11"]
[EventCountry "ENG"]
[SourceDate "2007.09.15"]

1. g4 e5 2. Bg2 d5 3. e3 Nc6 4. b3 Nge7 5. Bb2 Ng6 6. h3 Be6 7. d3 Be7 8. Nd2
O-O 9. Ne2 Nh4 10. O-O Qd7 11. f4 f5 12. g5 d4 13. exd4 exf4 14. Nf3 Nxf3+ 15.
Bxf3 Bxg5 16. c4 Bf6 17. d5 Bxb2 18. dxe6 Qe7 19. d4 Nxd4 20. Bxb7 Nxe2+ 21.
Qxe2 Bxa1 22. Rxa1 Rab8 23. Bf3 Kh8 24. Re1 Rf6 25. Bd5 c6 26. Qe5 Qc5+ 27. Kh1
Re8 28. Qc7 Qf2 29. Rg1 Rg6 30. Rxg6 hxg6 31. Qf7 cxd5 32. Qxe8+ Kh7 33. e7
Qe1+ 34. Kg2 Qg3+ 35. Kf1 f3 36. Qxg6+ Qxg6 0-1

[Event "4NCL/Div3/SLOS3 vs. NWE2"]
[Site "Sunningdale ENG"]
[Date "2008.05.05"]
[Round "11.4"]
[White "Morrison, Lynne"]
[Black "Syed, Nayeem"]
[Result "0-1"]
[WhiteElo "1933"]
[BlackElo "2023"]
[PlyCount "54"]
[EventDate "2008.05.05"]
[EventType "team"]
[EventRounds "11"]
[EventCountry "ENG"]
[SourceDate "2007.09.15"]

1. d4 Nf6 2. Nf3 g6 3. Bg5 Bg7 4. c3 d5 5. e3 O-O 6. Bd3 b6 7. Nbd2 Bb7 8. O-O
Nbd7 9. Re1 c5 10. e4 cxd4 11. Nxd4 Nc5 12. Bc2 Ncxe4 13. Bh4 Nxd2 14. Qxd2 e6
15. Rad1 Qc8 16. Qf4 Nd7 17. Qe3 a6 18. Rd2 e5 19. Nf3 d4 20. cxd4 exd4 21.
Nxd4 Ne5 22. Qb3 Qg4 23. Bg3 Rfe8 24. f3 Qd7 25. Qxb6 Nc4 26. Qb4 Nxd2 27. Qxd2
Qxd4+ 0-1